| 000 | 02165nam0a2200349 i 4500 | ||
|---|---|---|---|
| 001 | RU\NLR\BIBL_A\011212039 | ||
| 005 | 20260408080541.0 | ||
| 010 |
_a9785931794464 _9200 |
||
| 021 |
_aRU _b2016-66069 _94226 |
||
| 035 | _a(NLR Aleph) 011212039 | ||
| 090 |
_a11978171 _c11978171 |
||
| 100 | _a20160914d2016 k y0rusy50 ca | ||
| 101 | 0 | _arus | |
| 102 | _aRU | ||
| 105 | _ay z 000yy | ||
| 200 | 1 |
_aГосударственно-правовая политика по защите детства в России: исторические аспекты _eнаучная монография _f[Гребенкин А.Н. - к.ист.н., доц., Елисеев А.Л. - к.ист.н., доц., Матвеева Е.С. - к.ист.н., доц. и др.] _gпод общ. ред. д.ист.н. П.А. Меркулова _gФедер. гос. бюджет. образоват. учреждение высш. образования Рос. акад. нар. хоз-ва и гос. службы при Президенте Рос. Федерации, Орл. фил. |
|
| 210 |
_aОрёл _cИзд-во ОФ РАНХиГС _d2016 |
||
| 215 |
_a158 с. _d20 |
||
| 300 | _aАвт. указаны на обороте тит. л. | ||
| 320 | _aБиблиогр.: с. 143-156 | ||
| 606 | 1 |
_aДетство _xПравовая защита _xИстория _yРоссия _92304206 _3RU\NLR\AUTH\6601605624 |
|
| 686 | 1 | _aХ839(2)742 | |
| 701 | 1 |
_7ca _8rus _aГребенкин _bА. Н. _gАлексей Николаевич _9175599 _3RU\NLR\AUTH\770175650 |
|
| 701 | 1 |
_aЕлисеев _bА. Л. _gАнатолий Леонидович |
|
| 701 | 1 |
_aМатвеева _bЕ. С. _cканд. ист. наук _gЕвгения Сергеевна _9148402 _3RU\NLR\AUTH\770148438 |
|
| 702 | 1 |
_aМеркулов _bП. А. _f1963- _gПавел Александрович _4340 |
|
| 712 | 0 | 2 |
_4570 _aРоссийская академия народного хозяйства и государственной службы _bОрловский филиал _3RU\NLR\AUTH\8810220513 _9326182 |
| 942 | _cBOOK | ||
| 980 | _aNBR | ||